Normal view
MARC view
- Muhammad Sarwar
Entry Personal Name
001 - CONTROL NUMBER
- control field: 3699
003 - CONTROL NUMBER IDENTIFIER
- control field: NUST
005 - DATE AND TIME OF LATEST TRANSACTION
- control field: 20170801131410.0
008 - FIXED-LENGTH DATA ELEMENTS
- fixed length control field: 170801|| aca||aabn | a|a d
040 ## - CATALOGING SOURCE
- Original cataloging agency: NUST
- Transcribing agency: NUST
100 ## - HEADING--PERSONAL NAME
- Personal name: Muhammad Sarwar
670 ## - SOURCE DATA FOUND
- Source citation: Work cat.: (NUST): Muhammad Sarwar, Jadeed Hakoomtain, 2006
